书目信息 |
| 题名: |
航运与物流管理
|
|
| 作者: | 赵一飞 | |
| 分册: | ||
| 出版信息: | 上海 上海交通大学出版社 2004 |
|
| 页数: | 298 | |
| 开本: | 23cm | |
| 丛书名: | ||
| 单 册: | ||
| 中图分类: | U695.2 | |
| 科图分类: | ||
| 主题词: | 水路运输--技术管理 | |
| 电子资源: | ||
| ISBN: | 7-313-03833X | |
| 000 | 00512nam0 2200181 450 | |
| 001 | 0760515518 | |
| 005 | 20070817164835.51 | |
| 010 | @a7-313-03833X@d¥31.00 | |
| 100 | @a20070817d km y0chiy0120 ea | |
| 101 | 0 | @achi |
| 200 | 1 | @a航运与物流管理@Ahang yun yu wu liu guan li@f赵一飞@Fzhao yi fei |
| 210 | @a上海@c上海交通大学出版社@d2004 | |
| 215 | @a298@d23cm | |
| 606 | 0 | @a水路运输@x技术管理 |
| 690 | @aU695.2@v3 | |
| 701 | 0 | @a赵一飞@Azhao yi fei |
| 801 | 0 | @aCN@bPFT@c20070817 |
| 905 | @a213230@dU695.2@eg1@f1 | |
| 航运与物流管理/赵一飞.-上海:上海交通大学出版社,2004 |
| 298;23cm |
| ISBN 7-313-03833X:¥31.00 |
| ● |
| 相关链接 |
|
|
|
|
正题名:航运与物流管理
索取号:U695.2/g1
 
预约/预借
| 序号 | 登录号 | 条形码 | 馆藏地/架位号 | 状态 | 备注 |
| 1 | 6501365 | 265013656 | 密集书库-海洋学院/ [索取号:U695.2/g1] | 在馆 | |
| 2 | 6501366 | 265013665 | 密集书库-海洋学院/ [索取号:U695.2/g1] | 在馆 |